LEADER 01759nam a2200265 4500 001 000000338368 003 CaOOAMICUS 005 20191223113859.0 008 191205s1792 it 000 u ita r 026 $aa.di f-i- o-no auda (3) 1792 (R) 040 $aSeMil$bita 100 11$aArnauld, Antoine ,$d<1612-1694>.$0(OLS)http://semarc/name/4784 240 10$aDefense du livre de la Frequente communion.$0(OLS)http://semarc/title/427255 245 00$aApologia del libro Della frequente comunione la quale contiene il volgarizzamento della Relazione del signor Bourgeois ... e della Prefazione del signor Arnaldo ... composta, e messa innanzi alla tradizione della chiesa riguardo la penitenza, e la comunione. 264 1$aIn Milano :$bPresso Gaetano Motta,$c1792. 300 $aIV, 80, viij, 247, [1] p. ;$c8° 500 $aA c. A1r inizia la Prefazione di Antonio Arnaldo prete, e dottore della Sorbona, posta avanti alla sua opera intitolata Tradizione della chiesa riguardo la penitenza, e la comunione 500 $aSegn.: ?² a-e? *? A-O? Pı² 700 1 $aBourgeois, Jean,$d<1574-1653>.$0(OLS)http://semarc/name/110620 700 1 $aMotta, Gaetano,$c.$0(OLS)http://semarc/name/6846 850 $aSeMil 852 $aSeMil$W1$xVenegono$y1$m3X IV 129 FA$j217524$B229624$CSeMilBibl$Z2$F229624 $8I 996 $6245$aApologia del libro Della frequente comunione la quale contiene il volgarizzamento della Relazione del signor Bourgeois ... e della Prefazione del signor Arnaldo ... composta, e messa innanzi alla tradizione della chiesa riguardo la penitenza, e la comunione$9(OLS)http://semarc/title/427254 996 $6264$aIn Milano :$bPresso Gaetano Motta$9(OLS)http://semarc/publisher/58720 LEADER 01060nam a2200229 i 4500 001 000000079558 003 CaOOAMICUS 005 20170414000000.0 008 170414s2017 it u000 u ita u 013 $a51795 040 $aSeMil$bita 245 13$aĞI miei treğ :$bnel silenzio e negli scritti spirituali di Ezia Fiorentino /$ca cura di Annamaria Nava. 260 $aMilano :$bMissionarie Sacerdozio Regale di Cristo,$c2017. 300 $a146 p. :$bill. ;$c21 cm. 600 14$aFiorentino, Ezia <1911-2009>.$0(OLS)http://semarc/subject/36841 650 4$aTrinità - Meditazioni.$0(OLS)http://semarc/subject/15981 700 1 $aNava, Annamaria.$0(OLS)http://semarc/name/49188 850 $aSeMil 852 $aSeMil$W1$xVenegono$y1$m3G V 323$j45233$B45233$CSeMilBibl$Z2$F47154 $81 961 $aOmaggio: Delpini mons. Mario 996 $6245$aĞI miei treğ :$bnel silenzio e negli scritti spirituali di Ezia Fiorentino$9(OLS)http://semarc/title/403474 996 $6260$aMilano :$bMissionarie Sacerdozio Regale di Cristo$9(OLS)http://semarc/publisher/56452